[Event "Championnat de la Loire Jeunes 2010 - Pu"]
[Site "St-Just St-Rambert"]
[Date "2010.10.23"]
[Round "1.1"]
[White "Jandeau, Kelvin"]
[Black "Villemagne, Antoine"]
[Result "0-1"]
[WhiteElo "1099"]
[BlackElo "1240"]
[PlyCount "38"]
[EventDate "2010.??.??"]

1. e4 e5 2. Bc4 Nf6 3. Nc3 Nc6 4. d3 Bc5 5. Bg5 h6 6. Be3 Bxe3 7. fxe3 d6 8.
Nf3 Bg4 9. Nd5 Bxf3 10. gxf3 O-O 11. O-O Nh5 12. c3 Qg5+ 13. Kh1 f5 14. exf5
Kh8 15. f4 exf4 16. e4 b5 17. Bxb5 Rab8 18. Bxc6 Rxb2 19. Qc1 Qg2# 0-1

[Event "Championnat de la Loire Jeunes 2010 - Pu"]
[Site "St-Just St-Rambert"]
[Date "2010.10.23"]
[Round "1.3"]
[White "Coulomb, Marc"]
[Black "Labrosse, Enzo"]
[Result "0-1"]
[WhiteElo "1240"]
[BlackElo "1099"]
[PlyCount "146"]
[EventDate "2010.??.??"]

1. e4 e5 2. Nf3 Nc6 3. Bc4 Nd4 4. Ng5 f6 5. Nf7 Qe7 6. Nxh8 g6 7. Bxg8 Bg7 8.
Bf7+ Kd8 9. Bxg6 hxg6 10. Nxg6 Qf7 11. d3 Qxg6 12. Be3 Ne6 13. Nc3 Qxg2 14. Kd2
Qg6 15. Rg1 Qh7 16. Nd5 c6 17. Qg4 Bf8 18. Qg8 Qxg8 19. Rxg8 Ke8 20. Bh6 cxd5
21. exd5 Kf7 22. Rxf8+ Nxf8 23. Bxf8 Kxf8 24. Rg1 b5 25. Kc3 Ba6 26. d4 exd4+
27. Kxd4 Rc8 28. c3 Re8 29. h4 Re7 30. Kc5 Rh7 31. Rh1 Kg7 32. f4 Kg6 33. h5+
Rxh5 34. Kd6 Rxh1 35. Kxd7 Rh7+ 36. Ke6 f5 37. d6 Rh8 38. d7 b4 39. cxb4 Bb5
40. Ke7 Rh7+ 41. Kd6 Rxd7+ 42. Kc5 a6 43. Kb6 Rd5 44. b3 Rd4 45. Kc5 Rxf4 46.
a4 Bxa4 47. bxa4 Rh4 48. a5 f4 49. b5 axb5 50. Kxb5 f3 51. a6 Rh7 52. Kb6 f2
53. a7 Rxa7 54. Kxa7 f1=Q 55. Kb6 Qf5 56. Kc6 Kf6 57. Kd6 Qe6+ 58. Kc5 Qe5+ 59.
Kc4 Ke6 60. Kd3 Qf4 61. Kc3 Kd5 62. Kb3 Qc4+ 63. Ka3 Kc5 64. Kb2 Qd3 65. Ka2
Kb4 66. Kb2 Qb3+ 67. Kc1 Qa2 68. Kd1 Kc3 69. Ke1 Kd3 70. Kf1 Ke3 71. Kg1 Kf3
72. Kh1 Qd2 73. Kg1 Qg2# 0-1

[Event "Championnat de la Loire Jeunes 2010 - Pu"]
[Site "St-Just St-Rambert"]
[Date "2010.10.23"]
[Round "1.4"]
[White "Mohin, Loic"]
[Black "Barret, Hugo"]
[Result "1-0"]
[WhiteElo "1099"]
[BlackElo "1099"]
[PlyCount "24"]
[EventDate "2010.??.??"]

1. d4 Nc6 2. Nf3 d5 3. Nc3 Nf6 4. e4 dxe4 5. Nd2 Bg4 6. Be2 Nxd4 7. Bxg4 h6 8.
Ndxe4 g6 9. Nxf6+ exf6 10. O-O h5 11. h3 hxg4 12. Qxg4 f5 {suite illisible} 1-0

[Event "Championnat de la Loire Jeunes 2010 - Pu"]
[Site "St-Just St-Rambert"]
[Date "2010.10.23"]
[Round "2.1"]
[White "Villemagne, Antoine"]
[Black "Barret, Hugo"]
[Result "1-0"]
[WhiteElo "1240"]
[BlackElo "1099"]
[PlyCount "27"]
[EventDate "2010.??.??"]

1. e4 e5 2. Nf3 Nf6 3. Nc3 Bb4 4. Nxe5 Bxc3 5. dxc3 Nxe4 6. Bc4 Nc6 7. Nxf7 Rf8
8. Nxd8 Nxf2 9. Qh5+ g6 10. Qe2+ Ne7 11. Rf1 Kxd8 12. Rxf2 Nf5 13. Bg5+ Ne7 14.
Qxe7# 1-0

[Event "Championnat de la Loire Jeunes 2010 - Pu"]
[Site "St-Just St-Rambert"]
[Date "2010.10.23"]
[Round "2.2"]
[White "Labrosse, Enzo"]
[Black "Mohin, Loic"]
[Result "0-1"]
[WhiteElo "1099"]
[BlackElo "1099"]
[PlyCount "98"]
[EventDate "2010.??.??"]

1. d4 d5 2. Nf3 Nf6 3. Nc3 Qd6 4. Qd3 Be6 5. Nb5 Qd8 6. Qc3 Nc6 7. Ne5 Bd7 8.
g4 e6 9. g5 Ne4 10. Qf3 Qe7 11. Nxc7+ Kd8 12. Nxa8 Nxg5 13. Nxf7+ Nxf7 14. Qg3
Nd6 15. c3 Ke8 16. Bg5 Qf7 17. Bh3 Qh5 18. Bg4 Qxg5 19. f4 Qd8 20. Bh5+ g6 21.
Bf3 Qxa8 22. f5 exf5 23. Qxd6 Bxd6 24. Bxd5 Qd8 25. O-O Qg5+ 26. Kf2 Bg3+ 27.
hxg3 Rf8 28. Rg1 Rf6 29. Bf3 Re6 30. d5 Rd6 31. dxc6 Bxc6 32. Bxc6+ Rxc6 33.
Rgd1 f4 34. gxf4 Qxf4+ 35. Ke1 h5 36. Rd4 Qg3+ 37. Kd2 Qg2 38. Re1 g5 39. Ke3
h4 40. b4 Re6+ 41. Kd3 Qg3+ 42. Kd2 Qxe1+ 43. Kc2 Qxe2+ 44. Kb3 Qf1 45. Rd3 h3
46. Rd1 Qxd1+ 47. Kc4 h2 48. Kc5 h1=Q 49. Kb5 Qhd5# 0-1

[Event "Championnat de la Loire Jeunes 2010 - Pu"]
[Site "St-Just St-Rambert"]
[Date "2010.10.23"]
[Round "2.3"]
[White "Richard, Elisa"]
[Black "Coulomb, Marc"]
[Result "0-1"]
[WhiteElo "1099"]
[BlackElo "1240"]
[PlyCount "80"]
[EventDate "2010.??.??"]

1. e4 e5 2. Nf3 Nc6 3. Nc3 Nf6 4. Bc4 d5 5. exd5 e4 6. Nh4 Bc5 7. d3 Ng4 8.
dxe4 Nxf2 9. Qe2 Nxh1 10. Qf1 Nf2 11. g3 Bh3 12. Qg1 Nd3+ 13. cxd3 Bxg1 14. Nf3
Bb6 15. Ng5 Bd7 16. Na4 Nd4 17. Rb1 Bxa4 18. h4 Bc2 19. Kd2 Bxb1 20. Kc3 Ne2+
21. Kd2 Nxc1 22. Kxc1 Bxd3 23. Bxd3 Be3+ 24. Kd1 Bxg5 25. hxg5 Qxg5 26. Bb5+ c6
27. Bd3 O-O 28. Be2 Qxg3 29. Kd2 Qg2 30. Kd3 cxd5 31. exd5 Qxd5+ 32. Ke3 Qxa2
33. Bd3 h6 34. b4 Qb3 35. b5 Rad8 36. Ke2 Qxd3+ 37. Kf2 Qxb5 38. Kg2 Qb3 39.
Kf2 Rd2+ 40. Kf1 Qd1# 0-1

[Event "Championnat de la Loire Jeunes 2010 - Pu"]
[Site "St-Just St-Rambert"]
[Date "2010.10.23"]
[Round "2.4"]
[White "Jandeau, Kelvin"]
[Black "Bekri, Nesrine"]
[Result "1-0"]
[WhiteElo "1099"]
[BlackElo "1099"]
[PlyCount "165"]
[EventDate "2010.??.??"]

1. e4 e5 2. Bc4 Bc5 3. Nf3 Nf6 4. Nc3 Nc6 5. O-O O-O 6. d3 Ng4 7. Be3 b6 8.
Bxc5 bxc5 9. h3 Nf6 10. Ng5 h6 11. Nxf7 Rxf7 12. Bxf7+ Kxf7 13. Nd5 Nxd5 14.
exd5 Nb4 15. c3 Nxd5 16. c4 Nb4 17. a3 Na6 18. f4 exf4 19. Rxf4+ Kg8 20. b4 Bb7
21. bxc5 Nxc5 22. Rf5 Ne4 23. dxe4 Qe8 24. Rb5 Bc6 25. Rbb1 Bxe4 26. Qe1 Bxb1
27. Rxb1 Qxe1+ 28. Rxe1 d6 29. Re7 Rb8 30. Rxc7 Rb1+ 31. Kh2 Kh7 32. Rxa7 Rc1
33. Rc7 Rd1 34. a4 d5 35. cxd5 Rxd5 36. Ra7 Rd8 37. a5 h5 38. g4 h4 39. a6 Rd2+
40. Kg1 Rd1+ 41. Kf2 Rd2+ 42. Ke1 Rd8 43. Rb7 Ra8 44. a7 Rh8 45. Ke2 Re8+ 46.
Kd2 Kg6 47. Re7 Rd8+ 48. Rd7 Ra8 49. Ke3 Kf6 50. Kf4 Ke6 51. Rb7 Rf8+ 52. Kg5
g6 53. Kxg6 Rg8+ 54. Kh5 Rh8+ 55. Kg5 Rg8+ 56. Kf4 Kd5 57. Kf3 Rf8+ 58. Kg2 Ke4
59. Rf7 Ra8 60. g5 Ke3 61. g6 Rc8 62. Rb7 Rc2+ 63. Kg1 Rc8 64. Rb8 Rc1+ 65. Kh2
Rc2+ 66. Kg1 Rc1+ 67. Kh2 Kf3 68. Rf8+ Ke2 69. a8=Q Re1 70. Rh8 Kf2 71. Rf8+
Ke3 72. Rf7 Re2+ 73. Kh1 Re1+ 74. Kg2 Ke2 75. Qe8+ Kd2 76. Re7 Re2+ 77. Rxe2+
Kd3 78. Re1 Kd4 79. Rd1+ Kc5 80. Qc8+ Kb6 81. Rb1+ Ka7 82. Qd7+ Ka8 83. Qa4#
1-0

[Event "Championnat de la Loire Jeunes 2010 - Pu"]
[Site "St-Just St-Rambert"]
[Date "2010.10.23"]
[Round "3.1"]
[White "Bekri, Nesrine"]
[Black "Villemagne, Antoine"]
[Result "0-1"]
[WhiteElo "1099"]
[BlackElo "1240"]
[PlyCount "34"]
[EventDate "2010.??.??"]

1. e4 e5 2. Nf3 Nc6 3. Nc3 Nf6 4. Bc4 Nd4 5. O-O Nxf3+ 6. gxf3 Bb4 7. a3 Ba5 8.
b4 Bb6 9. Na4 Bd4 10. Nb2 d5 11. exd5 Nxd5 12. Bxd5 Qxd5 13. Nd3 O-O 14. f4
exf4 15. Nxf4 Qg5+ 16. Ng2 Bh3 17. Re1 Qxg2# 0-1

[Event "Championnat de la Loire Jeunes 2010 - Pu"]
[Site "St-Just St-Rambert"]
[Date "2010.10.23"]
[Round "3.2"]
[White "Coulomb, Marc"]
[Black "Jandeau, Kelvin"]
[Result "1-0"]
[WhiteElo "1240"]
[BlackElo "1099"]
[PlyCount "63"]
[EventDate "2010.??.??"]

1. e4 e5 2. Nf3 Nc6 3. Bc4 Nf6 4. Nc3 Bc5 5. Ng5 O-O 6. Nxf7 Qe8 7. Nd6+ Rf7 8.
Bxf7+ Qxf7 9. Nxf7 Kxf7 10. O-O d6 11. h3 Be6 12. Nb5 a6 13. Nxc7 Rc8 14. Nxe6
Kxe6 15. d3 Nb4 16. Bg5 h6 17. Bxf6 gxf6 18. Qg4+ f5 19. Qxf5+ Ke7 20. Qxc8 Bd4
21. c3 Bb6 22. Qxb7+ Bc7 23. cxb4 Kd7 24. Rac1 a5 25. bxa5 d5 26. Qxc7+ Ke6 27.
exd5+ Kf6 28. Rfe1 e4 29. dxe4 Kg5 30. Qf7 h5 31. Re3 Kh4 32. Qf4# 1-0

[Event "Championnat de la Loire Jeunes 2010 - Pu"]
[Site "St-Just St-Rambert"]
[Date "2010.10.23"]
[Round "3.3"]
[White "Mohin, Loic"]
[Black "Richard, Elisa"]
[Result "0-1"]
[WhiteElo "1099"]
[BlackElo "1099"]
[PlyCount "92"]
[EventDate "2010.??.??"]

1. d4 Nc6 2. Nf3 e5 3. c3 Nf6 4. dxe5 Ne4 5. Bg5 f6 6. exf6 gxf6 7. Bf4 Rg8 8.
Qb3 Rg7 9. Qc2 Nd6 10. Na3 Rb8 11. O-O-O Rg4 12. e3 Ne5 13. Qxh7 Nxf3 14. gxf3
Rg7 15. Qe4+ Nxe4 16. fxe4 Bd6 17. Bxd6 cxd6 18. Rxd6 Qe7 19. Rd4 d6 20. Nb5
Bg4 21. Nxd6+ Kf8 22. Bb5 Bf3 23. Bd3 Bxh1 24. h4 f5 25. Nxf5 Qf7 26. Nxg7 Qxg7
27. h5 Re8 28. Bb5 Re5 29. f3 Rxb5 30. Rd8+ Ke7 31. Rd4 Rxh5 32. Ra4 Bxf3 33.
Rxa7 Kf6 34. Rxb7 Qxb7 35. a4 Bxe4 36. b3 Qc6 37. a5 Qxc3+ 38. Kd1 Qxa5 39. Ke2
Qb5+ 40. Kf2 Qxb3 41. Kg3 Qxe3+ 42. Kg4 Re5 43. Kh4 Bc2 44. Kg4 Re4+ 45. Kh5
Qg1 46. Kh6 Rh4# 0-1

[Event "Championnat de la Loire Jeunes 2010 - Pu"]
[Site "St-Just St-Rambert"]
[Date "2010.10.23"]
[Round "4.1"]
[White "Villemagne, Antoine"]
[Black "Labrosse, Enzo"]
[Result "1-0"]
[WhiteElo "1240"]
[BlackElo "1099"]
[PlyCount "71"]
[EventDate "2010.??.??"]

1. e4 e5 2. Nf3 Nc6 3. Bc4 Nf6 4. Ng5 h6 5. Nxf7 Qe7 6. Nxh8 Qb4 7. Bf7+ Ke7 8.
Nc3 Kd6 9. O-O b5 10. Qe2 Be7 11. Nxb5+ Kc5 12. Nxc7 Rb8 13. Na6+ Bxa6 14. Qxa6
Rxh8 15. a3 Qb6 16. Qc4+ Kd6 17. d4 Rf8 18. dxe5+ Nxe5 19. Rd1+ Nd5 20. Qxd5+
Kc7 21. Qxe5+ Kd8 22. Be6 Rf6 23. Rxd7+ Ke8 24. Qh5+ g6 25. Qe2 Qxe6 26. Rxa7
Rf4 27. Bxf4 g5 28. Qb5+ Kf7 29. Qe5 Qxe5 30. Bxe5 Ke6 31. f4 h5 32. fxg5 Kxe5
33. Rxe7+ Kd4 34. Rd1+ Kc5 35. Rd5+ Kc4 36. Rc7# 1-0

[Event "Championnat de la Loire Jeunes 2010 - Pu"]
[Site "St-Just St-Rambert"]
[Date "2010.10.23"]
[Round "4.2"]
[White "Richard, Elisa"]
[Black "Barret, Hugo"]
[Result "1-0"]
[WhiteElo "1099"]
[BlackElo "1099"]
[PlyCount "42"]
[EventDate "2010.??.??"]

1. e4 e5 2. Nf3 Nf6 3. Nc3 Nxe4 4. Nxe4 d5 5. Nc5 b6 6. Nb3 e4 7. Nfd4 c5 8.
Nc6 Nxc6 9. Bb5 Qd7 10. d3 a6 11. Bxc6 Qxc6 12. dxe4 dxe4 13. Nd4 cxd4 14. Qxd4
Bb4+ 15. Qxb4 a5 16. Qd2 e3 17. Qxe3+ Kf8 18. Rg1 a4 19. Qa3+ Kg8 20. Be3 Ba6
21. Rd1 f5 {Re2 impossible} 1-0

[Event "Championnat de la Loire Jeunes 2010 - Pu"]
[Site "St-Just St-Rambert"]
[Date "2010.10.23"]
[Round "4.3"]
[White "Jandeau, Kelvin"]
[Black "Mohin, Loic"]
[Result "0-1"]
[WhiteElo "1099"]
[BlackElo "1099"]
[PlyCount "118"]
[EventDate "2010.??.??"]

1. e4 e5 2. Nf3 Nc6 3. Nc3 Nf6 4. Bc4 Bd6 5. Ng5 O-O 6. Nd5 Nxd5 7. Bxd5 Qxg5
8. d3 Nd4 9. Bxg5 Bb4+ 10. Kf1 h6 11. Be7 Bxe7 12. c3 Nb5 13. Bc4 c6 14. Bxb5
cxb5 15. d4 f6 16. dxe5 fxe5 17. Rc1 d6 18. Rc2 Be6 19. Qa1 Rf4 20. f3 Bc4+ 21.
Kg1 d5 22. exd5 Bc5+ 23. Rf2 Bxf2+ 24. Kxf2 Bxd5 25. Ke3 Rc8 26. g3 Rxf3+ 27.
Ke2 Rf5 28. Rf1 Rh5 29. Rh1 Bxh1 30. Qxh1 Rc5 31. Qg1 b6 32. b4 Rxc3 33. Kd2
Rc4 34. a3 Re4 35. a4 bxa4 36. Kd3 Rxb4 37. Qe3 a3 38. Kc3 Rb1 39. Kc2 a2 40.
g4 Rxh2+ 41. Qd2 Rxd2+ 42. Kxd2 a1=Q 43. Ke3 Qa4 44. Kf3 Rg1 45. Kf2 Qxg4 46.
Ke3 Rg2 47. Kd3 Re2 48. Kc3 Qe4 49. Kb3 Rc2 50. Ka3 Qd3+ 51. Ka4 Qd4+ 52. Kb3
Qc5 53. Ka4 e4 54. Kb3 e3 55. Ka4 e2 56. Kb3 e1=R 57. Ka4 Re4+ 58. Kb3 Qc4+ 59.
Ka3 Re3# 0-1

[Event "Championnat de la Loire Jeunes 2010 - Pu"]
[Site "St-Just St-Rambert"]
[Date "2010.10.23"]
[Round "4.4"]
[White "Bekri, Nesrine"]
[Black "Coulomb, Marc"]
[Result "0-1"]
[WhiteElo "1099"]
[BlackElo "1240"]
[PlyCount "102"]
[EventDate "2010.??.??"]

1. e4 d5 2. exd5 Qxd5 3. Na3 e5 4. Bc4 Qxg2 5. Bd5 Qxd5 6. Qf3 Qxf3 7. Nxf3
Bxa3 8. Nxe5 Bd6 9. Nc4 Bc5 10. d3 Nc6 11. Be3 Nb4 12. O-O-O Bxe3+ 13. Nxe3
Nxa2+ 14. Kb1 Nb4 15. Nc4 Be6 16. Ne5 Nf6 17. Rhg1 O-O 18. Rde1 Ba2+ 19. Kc1
Rae8 20. Nc4 Rxe1+ 21. Rxe1 Bxc4 22. dxc4 Ng4 23. c3 Nd3+ 24. Kd1 Ngxf2+ 25.
Ke2 Nxe1 26. Kxe1 Ng4 27. h3 Ne5 28. c5 a5 29. Kd1 Nc4 30. Kc1 a4 31. Kb1 c6
32. Ka2 b5 33. Kb1 Ne3 34. h4 Nf5 35. h5 h6 36. Kc2 Ng3 37. Kd3 Nxh5 38. Kd4
Nf6 39. Ke5 Nd7+ 40. Kd6 Nb8 41. Kc7 h5 42. Kb7 h4 43. b4 h3 44. c4 bxc4 45. b5
cxb5 46. Kb6 h2 47. Kxb5 a3 48. Kxc4 a2 49. Kd5 h1=Q+ 50. Kd6 a1=Q 51. Kc7 Qc6#
0-1

[Event "Championnat de la Loire Jeunes 2010 - Pu"]
[Site "St-Just St-Rambert"]
[Date "2010.10.24"]
[Round "5.1"]
[White "Coulomb, Marc"]
[Black "Villemagne, Antoine"]
[Result "0-1"]
[WhiteElo "1240"]
[BlackElo "1240"]
[PlyCount "66"]
[EventDate "2010.??.??"]

1. e4 e5 2. Nf3 Nc6 3. Nc3 Nf6 4. Bc4 Bb4 5. d3 Nd4 6. Nxd4 exd4 7. a3 dxc3 8.
axb4 cxb2 9. Bxb2 d5 10. exd5 Nxd5 11. Bxg7 Rg8 12. Bxd5 Qxd5 13. Qe2+ Be6 14.
Be5 Qxg2 15. O-O-O O-O-O 16. Rhg1 Qd5 17. Rxg8 Rxg8 18. Qe3 Bg4 19. Qxa7 f6 20.
Rg1 Qxe5 21. Qa8+ Kd7 22. Qxg8 Be6 23. Qxh7+ Kc8 24. Rg7 Qf4+ 25. Kb2 Qxb4+ 26.
Kc1 Qa3+ 27. Kd2 Qb4+ 28. c3 Qb2+ 29. Ke3 Kb8 30. Rxc7 Bf5 31. Qf7 Bg4 32. Re7
Qe2+ 33. Kf4 Qf3# 0-1

[Event "Championnat de la Loire Jeunes 2010 - Pu"]
[Site "St-Just St-Rambert"]
[Date "2010.10.24"]
[Round "5.2"]
[White "Mohin, Loic"]
[Black "Bekri, Nesrine"]
[Result "1-0"]
[WhiteElo "1099"]
[BlackElo "1099"]
[PlyCount "75"]
[EventDate "2010.??.??"]

1. d4 d5 2. Nc3 Nc6 3. e3 Nf6 4. Bd3 Bg4 5. f3 Bh5 6. b3 e6 7. Bb2 Bb4 8. Bf5
exf5 9. Qd3 Ba5 10. Qxf5 Bg6 11. Qf4 Nb4 12. e4 Nxc2+ 13. Kf2 Nxa1 14. Qd2 dxe4
15. Bxa1 e3+ 16. Kxe3 Qe7+ 17. Kf2 Bh5 18. Qd3 Bg6 19. Qb5+ Nd7 20. Nd5 Qe6 21.
Qc4 b6 22. Nh3 Be1+ 23. Rxe1 Be4 24. Rxe4 b5 25. Qxb5 Rb8 26. Qc4 Nb6 27. Qxc7
Rc8 28. Rxe6+ Kf8 29. Qe5 Rd8 30. Nxb6 axb6 31. Rxb6 f6 32. Qe4 Kf7 33. Qb7+
Kg6 34. Qe4+ Kf7 35. Rb7+ Kg8 36. Bc3 Rc8 37. Bb4 Rc1 38. Qd5# 1-0

[Event "Championnat de la Loire Jeunes 2010 - Pu"]
[Site "St-Just St-Rambert"]
[Date "2010.10.24"]
[Round "5.3"]
[White "Barret, Hugo"]
[Black "Jandeau, Kelvin"]
[Result "0-1"]
[WhiteElo "1099"]
[BlackElo "1099"]
[PlyCount "64"]
[EventDate "2010.??.??"]

1. d4 Nc6 2. c3 e5 3. g3 exd4 4. cxd4 Nb4 5. Bd2 Nf6 6. Bxb4 Bxb4+ 7. Nd2 Ne4
8. a3 Bxd2+ 9. Qxd2 Nxd2 10. Kxd2 d6 11. d5 Bf5 12. f3 Bd7 13. Bh3 Bxh3 14.
Nxh3 O-O 15. b4 Qf6 16. Rhd1 Qh6+ 17. Kd3 Qxh3 18. g4 Qxh2 19. Re1 Rfe8 20. a4
Re5 21. f4 Rxd5+ 22. Ke3 Re8+ 23. Kf3 Qh3+ 24. Kf2 Qxg4 25. Rg1 Qxf4+ 26. Kg2
Rg5+ 27. Kh3 Rxg1 28. Rxg1 Re6 29. Kg2 Rg6+ 30. Kh3 Rxg1 31. e3 Qxe3+ 32. Kh4
Qh6# 0-1

[Event "Championnat de la Loire Jeunes 2010 - Pu"]
[Site "St-Just St-Rambert"]
[Date "2010.10.24"]
[Round "5.4"]
[White "Labrosse, Enzo"]
[Black "Richard, Elisa"]
[Result "1/2-1/2"]
[WhiteElo "1099"]
[BlackElo "1099"]
[PlyCount "153"]
[EventDate "2010.??.??"]

1. e4 e5 2. Nf3 Nc6 3. Nc3 Nf6 4. h3 Bb4 5. a3 Bxc3 6. dxc3 d6 7. g4 h6 8. b4
g5 9. Rb1 h5 10. Nxg5 Qe7 11. h4 Nxg4 12. Bh3 Nf6 13. Rf1 Nxe4 14. Nxe4 Bxh3
15. Nxd6+ cxd6 16. Rh1 Bg4 17. Qd2 Rg8 18. Rb3 e4 19. Qf4 Rg5 20. hxg5 Ne5 21.
Qxe4 Rc8 22. Be3 Qd7 23. Bxa7 d5 24. Qxe5+ Kd8 25. Qh8+ Kc7 26. Rxh5 Bxh5 27.
Qxh5 Qe7+ 28. Kd1 Re8 29. Qe2 Qxe2+ 30. Kc1 Qxf2 31. Bxf2 Re2 32. Bg3+ Kd7 33.
Kd1 Rg2 34. Bf4 Ke6 35. Ke1 Kf5 36. Bc1 Rg1+ 37. Kd2 Kxg5 38. Rb1 Rg3 39. Bb2
Rg2+ 40. Ke1 Rxc2 41. b5 Rh2 42. Bc1+ Kf5 43. Rb2 Rxb2 44. Bxb2 Ke5 45. a4 Kd6
46. a5 Kc7 47. b6+ Kb8 48. Ke2 f5 49. Bc1 Kc8 50. Kf3 d4 51. cxd4 f4 52. Kxf4
Kb8 53. d5 Kc8 54. a6 bxa6 55. Bd2 Kb7 56. Be3 a5 57. d6 Kc6 58. Ke5 a4 59. Bc1
Kxb6 60. d7 Kc7 61. Ke6 a3 62. Bxa3 Kd8 63. Be7+ Kc7 64. d8=R Kb7 65. Rd6 Kc7
66. Bd8+ Kc8 67. Rd7 Kb8 68. Bc7+ Kc8 69. Ke7 Kb7 70. Ba5+ Ka6 71. Rd5 Kb7 72.
Kd7 Kb8 73. Bc7+ Kb7 74. Rd6 Ka8 75. Kc6 Ka7 76. Bb6+ Ka6 77. Rd5 1/2-1/2

[Event "Championnat de la Loire Jeunes 2010 - Pu"]
[Site "St-Just St-Rambert"]
[Date "2010.10.24"]
[Round "6.1"]
[White "Villemagne, Antoine"]
[Black "Richard, Elisa"]
[Result "1-0"]
[WhiteElo "1240"]
[BlackElo "1099"]
[PlyCount "121"]
[EventDate "2010.??.??"]

1. e4 e5 2. Nf3 Nc6 3. Bc4 Nf6 4. Ng5 d6 5. Nxf7 Qe7 6. Nxh8 Nxe4 7. Bf7+ Kd8
8. O-O g5 9. d3 Nf6 10. Bxg5 Bg7 11. Bxf6 Bxf6 12. Bd5 Bxh8 13. Nc3 Nd4 14. Rc1
c6 15. Bf3 Qd7 16. h3 d5 17. Bg4 Qc7 18. Bxc8 Rxc8 19. Qg4 Nxc2 20. Qg8+ Kd7
21. Qxh7+ Kd6 22. Qg6+ Kd7 23. Rfe1 Nxe1 24. Rxe1 Rd8 25. Qf7+ Kc8 26. Qf5+ Kb8
27. d4 exd4 28. Nxd5 cxd5 29. Qg5 d3 30. Rc1 Bxb2 31. Rxc7 Kxc7 32. Qd2 Bf6 33.
Qxd3 d4 34. f4 b6 35. f5 a6 36. Kf2 b5 37. Ke2 Re8+ 38. Kd2 Kb6 39. h4 Rd8 40.
h5 a5 41. h6 a4 42. h7 Ka5 43. g4 b4 44. a3 Bg7 45. f6 Bxf6 46. Qf5+ Kb6 47.
Qxf6+ Ka7 48. h8=Q Rxh8 49. Qxh8 bxa3 50. Qxd4+ Ka6 51. Qxa4+ Kb6 52. Qxa3 Kb5
53. Qc3 Kb6 54. Qc4 Kb7 55. Qc5 Kb8 56. Qe7 Kc8 57. Kc3 Kb8 58. Kb4 Ka8 59. Kc5
Kb8 60. Kc6 Ka8 61. Qb7# 1-0

[Event "Championnat de la Loire Jeunes 2010 - Pu"]
[Site "St-Just St-Rambert"]
[Date "2010.10.24"]
[Round "6.2"]
[White "Jandeau, Kelvin"]
[Black "Labrosse, Enzo"]
[Result "0-1"]
[WhiteElo "1099"]
[BlackElo "1099"]
[PlyCount "118"]
[EventDate "2010.??.??"]

1. e4 e5 2. Bc4 Nf6 3. Nc3 Nc6 4. Nf3 Bd6 5. d3 a6 6. Bg5 h6 7. Bxf6 gxf6 8.
Nd5 b5 9. Bb3 a5 10. Ne3 Bb4+ 11. Nd2 Bxd2+ 12. Qxd2 O-O 13. Bd5 Ra6 14. Bxc6
dxc6 15. O-O-O b4 16. c3 c5 17. cxb4 axb4 18. a3 bxa3 19. bxa3 Rxa3 20. Ng4
Ra1+ 21. Kb2 Rxd1 22. Qxd1 h5 23. Nh6+ Kg7 24. Nf5+ Bxf5 25. exf5 Qd4+ 26. Kc1
Qxf2 27. Qg1 Qxf5 28. h3 Qxd3 29. Qf1 Qc3+ 30. Kd1 Rd8+ 31. Ke2 Rd2+ 32. Ke1 c4
33. g4 hxg4 34. hxg4 Rg2+ 35. Kd1 Rxg4 36. Rg1 Rxg1 37. Qxg1+ Kf8 38. Qg4 Qd4+
39. Qxd4 exd4 40. Kc2 d3+ 41. Kc3 f5 42. Kxc4 d2 43. Kc3 d1=Q 44. Kc4 f4 45.
Kc5 f3 46. Kc6 Qc1+ 47. Kd5 f2 48. Ke4 f1=Q 49. Kd5 Qce1 50. Kd4 Ke7 51. Kd5
c6+ 52. Kd4 c5+ 53. Kd5 c4 54. Kd4 c3 55. Kd5 c2 56. Kd4 Qd3+ 57. Kc5 c1=Q+ 58.
Kb6 Qcb1+ 59. Ka7 Qa1+ 0-1

[Event "Championnat de la Loire Jeunes 2010 - Pu"]
[Site "St-Just St-Rambert"]
[Date "2010.10.24"]
[Round "6.3"]
[White "Bekri, Nesrine"]
[Black "Barret, Hugo"]
[Result "1-0"]
[WhiteElo "1099"]
[BlackElo "1099"]
[PlyCount "73"]
[EventDate "2010.??.??"]

1. e4 e5 2. Nf3 f6 3. d3 Qe7 4. Be2 Nh6 5. O-O Qe6 6. Nc3 Bd6 7. Qd2 Qe7 8. Nd5
Qe6 9. Nxc7+ Bxc7 10. d4 Nc6 11. dxe5 Ba5 12. Qd1 fxe5 13. Ng5 Qf6 14. Bb5 a6
15. Bc4 Rf8 16. Nxh7 Rh8 17. Nxf6+ gxf6 18. Qh5+ Kf8 19. Bxh6+ Ke7 20. Rad1 b5
21. Bf7 b4 22. Bd5 d6 23. Qg6 Bb7 24. Qg7+ Ke8 25. Qxb7 Rxh6 26. Qxa8+ Ke7 27.
Bxc6 Rh7 28. Qxa6 d5 29. Qxa5 dxe4 30. Bxe4 Rh8 31. Qxb4+ Ke6 32. Rd6+ Ke7 33.
Rfd1 Rd8 34. R6d3+ Kf7 35. Rxd8 f5 36. R1d6 fxe4 37. Qb7# 1-0

[Event "Championnat de la Loire Jeunes 2010 - Pu"]
[Site "St-Just St-Rambert"]
[Date "2010.10.24"]
[Round "6.4"]
[White "Coulomb, Marc"]
[Black "Mohin, Loic"]
[Result "1-0"]
[WhiteElo "1240"]
[BlackElo "1099"]
[PlyCount "59"]
[EventDate "2010.??.??"]

1. e4 e5 2. Nf3 Nc6 3. Nc3 Bd6 4. Bc4 Nf6 5. Nd5 O-O 6. d3 h6 7. Nxf6+ Qxf6 8.
O-O b6 9. h3 Bb7 10. Bd5 Rfe8 11. Bxc6 Bxc6 12. d4 Bxe4 13. dxe5 Bxe5 14. Nxe5
Rxe5 15. b4 Rd5 16. Bd2 Qf5 17. c4 Rd3 18. Rc1 Re8 19. Qe2 Re5 20. Rc3 c5 21.
f3 cxb4 22. fxe4 Rxe4 23. Rxd3 Rxe2 24. Rxf5 a5 25. Rxd7 a4 26. Bxb4 Rxa2 27.
Rfxf7 a3 28. Rxg7+ Kh8 29. Rh7+ Kg8 30. Rdg7# 1-0

[Event "Championnat de la Loire Jeunes 2010 - Pu"]
[Site "St-Just St-Rambert"]
[Date "2010.10.24"]
[Round "7.1"]
[White "Mohin, Loic"]
[Black "Villemagne, Antoine"]
[Result "0-1"]
[WhiteElo "1099"]
[BlackElo "1240"]
[PlyCount "60"]
[EventDate "2010.??.??"]

1. d4 d5 2. Nc3 Nf6 3. Be3 Bg4 4. Qd3 Nc6 5. O-O-O e5 6. Kb1 e4 7. Qb5 b6 8.
Qxc6+ Bd7 9. Qb7 Ng4 10. f3 Nxe3 11. Re1 Qh4 12. Rc1 Rd8 13. Qxa7 Bf5 14. Qxc7
exf3 15. gxf3 Bxc2+ 16. Ka1 g6 17. Qe5+ Be7 18. Qxh8+ Kd7 19. b3 Rxh8 20. Nxd5
Nxf1 21. Rxc2 Nxh2 22. Nxb6+ Ke8 23. Rc8+ Bd8 24. Nd5 Kd7 25. Ra8 Bf6 26. Nxf6+
Qxf6 27. Nh3 Qxd4+ 28. Kb1 Rxa8 29. Rc1 Qa7 30. e4 Qxa2# 0-1

[Event "Championnat de la Loire Jeunes 2010 - Pu"]
[Site "St-Just St-Rambert"]
[Date "2010.10.24"]
[Round "7.2"]
[White "Barret, Hugo"]
[Black "Coulomb, Marc"]
[Result "0-1"]
[WhiteElo "1099"]
[BlackElo "1240"]
[PlyCount "78"]
[EventDate "2010.??.??"]

1. d4 Nf6 2. e3 d5 3. Nf3 Bg4 4. Be2 Nc6 5. O-O e6 6. h3 Bh5 7. Nc3 Bb4 8. a3
Bxc3 9. bxc3 O-O 10. Ne5 Qd6 11. f4 b5 12. Bxb5 Bxd1 13. Rxd1 Nxe5 14. fxe5 Qb6
15. a4 Ne4 16. Bb2 Qa5 17. Rdb1 Rab8 18. Ba3 Nxc3 19. Rc1 Ne2+ 20. Kf1 Nxc1 21.
Rxc1 Rfd8 22. Bb2 Qd2 23. g4 a6 24. Bxa6 Rxb2 25. Bc4 Qxc1+ 26. Kg2 Rxc2+ 27.
Kf3 Rxc4 28. a5 Qf1+ 29. Kg3 Qe1+ 30. Kf4 Qxa5 31. e4 Rxd4 32. g5 Rxe4+ 33. Kf3
Rxe5 34. h4 Re4 35. Kg3 Qa3+ 36. Kf2 Rxh4 37. Kg2 Rb4 38. Kf2 Rb2+ 39. Ke1 Qa1#
0-1

[Event "Championnat de la Loire Jeunes 2010 - Pu"]
[Site "St-Just St-Rambert"]
[Date "2010.10.24"]
[Round "7.3"]
[White "Labrosse, Enzo"]
[Black "Bekri, Nesrine"]
[Result "0-1"]
[WhiteElo "1099"]
[BlackElo "1099"]
[PlyCount "48"]
[EventDate "2010.??.??"]

1. d4 d5 2. Nc3 Nc6 3. Nf3 Nf6 4. Bf4 Bf5 5. h3 e6 6. g4 Bg6 7. g5 Nd7 8. Ne5
Ndxe5 9. dxe5 Nb4 10. a3 Nxc2+ 11. Kd2 Nxa1 12. Qxa1 d4 13. Nd1 b6 14. e3 c5
15. b4 c4 16. exd4 b5 17. a4 Rb8 18. Ne3 Qc8 19. Nxc4 bxc4 20. Qc3 a5 21. bxa5
Bb4 22. Bxc4 Bxc3+ 23. Kxc3 Be4 24. Re1 Bf5 {Fb5+ impossible} 0-1